| 000 | 00896nam a2200337 a 4500 | ||
|---|---|---|---|
| 003 | AR-BaBNM | ||
| 005 | 20251128203723.0 | ||
| 008 | 082120s2002 ||||||||||||||000 | spa|| | ||
| 040 | _cAR-BaBNM | ||
| 100 | 1 | _aSaulnier, V.L. | |
| 245 | 0 | 0 | _aLa literatura francesa del siglo romántico |
| 260 |
_aBuenos Aires _bEudeba _c1962 |
||
| 300 | _a71 p. | ||
| 490 | 0 |
_aCuadernos de Eudeba _vv. 82 |
|
| 500 | _aContiene referencias bibliográficas en p. 67 | ||
| 500 | _aIndice de nombres en p. 70 | ||
| 650 | 4 | _aCRITICA LITERARIA | |
| 650 | 4 | _aHISTORIA LITERARIA | |
| 650 | 4 | _aESCRITORES | |
| 650 | 4 | _aLITERATURA FRANCESA | |
| 650 | 4 | _aROMANTICISMO | |
| 650 | 4 | _aREALISMO | |
| 653 | _aPARNASIANISMO | ||
| 653 | _aDECADENTISMO | ||
| 653 | _aSIMBOLISMO | ||
| 653 | _aNATURALISMO | ||
| 655 | _aLITERATURA | ||
| 700 | 1 |
_aLamana, Manuel _etraductor |
|
| 942 | _cBK | ||
| 998 | _cMARTIN | ||
| 999 |
_c4635 _d4635 |
||